22 Bienal de Arte Paiz (Record no. 1851)

MARC details
000 -LEADER
campo de control de longitud fija 00462nam a2200133 4500
008 - DATOS DE LONGITUD FIJA--INFORMACIÓN GENERAL
campo de control de longitud fija 700.74 F981m
020 ## - NÚMERO INTERNACIONAL ESTÁNDAR DEL LIBRO
Número Internacional Estándar del Libro 9789929813298
082 ## - NÚMERO DE LA CLASIFICACIÓN DECIMAL DEWEY
Número de clasificación 700.74
Número de ítem F981m
100 ## - ENTRADA PRINCIPAL--NOMBRE DE PERSONA
Nombre de persona Mosquera, Gerardo (edición)
9 (RLIN) 7184
245 ## - MENCIÓN DEL TÍTULO
Título 22 Bienal de Arte Paiz
260 ## - PUBLICACIÓN, DISTRIBUCIÓN, ETC.
Lugar de publicación, distribución, etc. Guatemala
Nombre del editor, distribuidor, etc. Fundación Paiz para la Educación y la Cultura
Fecha de publicación, distribución, etc. 2019
300 ## - DESCRIPCIÓN FÍSICA
Extensión 202 p.
Otras características físicas il. (col)
Dimensiones 23 x 24 cm
650 ## - PUNTO DE ACCESO ADICIONAL DE MATERIA--TÉRMINO DE MATERIA
Subdivisión general arte contemporáneo
-- catálogo de exhibición
-- arte - Guatemala
-- arte - exhibiciones
9 (RLIN) 7185
Holdings
Estatus retirado Estado de pérdida Fuente del sistema de clasificación o colocación Estado de daño No para préstamo Biblioteca de origen Biblioteca actual Ubicación en estantería Fecha de adquisición Total de préstamos Signatura topográfica completa Código de barras Visto por última vez Precio de reemplazo Tipo de ítem Koha
    Clasificación Decimal Dewey     Biblioteca LadoV Biblioteca LadoV   02/10/2019   700.74 F981m 004837 02/10/2019 02/10/2019 Material 01